00940nam a22002177a 45000010005000000030006000050050017000110080041000280400029000690500009000980820010001071000015001172450049001322600046001813000058002275050007002855200337002925210028006295210018006576500047006757031FISKH20251021145558.0250619b cb ||||| |||| 00| 0 eng d aFISKHbengcFISKHdFISKH aPZ7  a813.6 aAnonymous  aRed lion roar : bPower rangers wild force / aTennessee : bBVS Entertainment, c2002.  a24 unnumbered pages : bcolor illustrations ; c21 cm aN  aThe story follows the Wild Force Rangers—equipped with animal-themed powers—as they seek a fifth Ranger, the Red Lion Ranger, to strengthen their team and defeat the Orgs threatening their city. The book focuses on action-packed scenes culminating with the arrival of the Red Lion Ranger and the mighty roar of the Red Lion Zord8 a530 bLexile estimate 8 aJ bRaz-Plus  aPower Rangers vWild Force xSuperheroes